[Event "Dvorkovich Memorial op 4th"]
[Site "Taganrog"]
[Date "2009.08.08"]
[Round "7"]
[White "Kotenko, Pavel"]
[Black "Mamonov, A."]
[Result "1/2-1/2"]
[WhiteElo "2401"]
[BlackElo "2226"]
[PlyCount "136"]
[EventDate "2009.08.02"]
[EventType "swiss"]
[EventRounds "9"]
[EventCountry "RUS"]
[SourceTitle "EXT 2022"]
[Source "ChessBase"]
[SourceDate "2021.10.06"]
[SourceVersion "1"]
[SourceVersionDate "2021.10.06"]
[SourceQuality "1"]

1. e4 c5 2. Nf3 Nf6 3. e5 Nd5 4. Nc3 e6 5. Nxd5 exd5 6. d4 Nc6 7. dxc5 Bxc5 8. Qxd5 Qb6 9. Bc4 Bxf2+ 10. Ke2 0-0 11. Rf1 Bc5 12. Ng5 Nd4+ 13. Kd1 Ne6 14. Ne4 Be7 15. c3 Qc6 16. a4 b6 17. Qxc6 dxc6 18. Kc2 h6 19. Be3 Bb7 20. Rad1 Rad8 21. Nd6 Bxd6 22. exd6 c5 23. Rd2 Bc6 24. a5 Rd7 25. axb6 axb6 26. b4 cxb4 27. cxb4 b5 28. Bb3 Rfd8 29. Bc5 Ng5 30. Rfd1 Ne4 31. Rd4 Rc8 32. Kb2 Nf6 33. g4 Re8 34. R1d2 Re5 35. Bb6 Re4 36. Rc2 Bb7 37. Rxe4 Bxe4 38. Rc8+ Kh7 39. Rd8 Rxd8 40. Bxd8 Kg6 41. Kc3 Nxg4 42. Kd4 Bc6 43. Kc5 Bd7 44. Kb6 f5 45. Kc7 Ne5 46. Bh4 f4 47. Bf2 Bg4 48. Bc2+ Kf7 49. Bd4 Nd7 50. Bd3 Nf8 51. Bf2 Bd7 52. Bd4 Ke8 53. Bf2 g5 54. Kb6 g4 55. Bxb5 Bxb5 56. Kxb5 Kd7 57. Kc5 Ne6+ 58. Kd5 Ng5 59. b5 Nf7 60. Bc5 f3 61. b6 Nxd6 62. Bxd6 f2 63. b7 f1Q 64. b8Q Qd3+ 65. Ke5 Qe3+ 66. Kd5 Qd3+ 67. Ke5 Qe3+ 68. Kd5 Qd3+ 1/2-1/2